书目信息 |
| 题名: |
经典品读
|
|
| 作者: | 郭勉愈 编著 | |
| 分册: | ||
| 出版信息: | 北京 中华工商联合出版社 1999.10 |
|
| 页数: | 615页 | |
| 开本: | 21cm | |
| 丛书名: | ||
| 单 册: | ||
| 中图分类: | Z835 | |
| 科图分类: | ||
| 主题词: | 推荐书目 | |
| 电子资源: | ||
| ISBN: | 7-80100-577-5 | |
| 000 | 00679nam0 2200217 45 | |
| 001 | 0204230976 | |
| 005 | 20041207145641.5 | |
| 010 | @a7-80100-577-5@dCNY27.80 | |
| 100 | @a20020423d1999 km y0chiy0120 ea | |
| 101 | 0 | @achi |
| 105 | @a z 000yy | |
| 200 | 1 | @a经典品读@AJing Dian Pin Du@e人生必读百部名著@ERen Sheng Bi Du Bai Bu Ming Zhu@f郭勉愈等编著@FGuo Mian Yu Deng Bian Zhu |
| 210 | @a北京@c中华工商联合出版社@d1999.10 | |
| 215 | @a615页@d21cm | |
| 300 | @a用伟人的思想指导你的一生 | |
| 517 | @a人生必读百部名著@ARen Sheng Bi Du Bai Bu Ming Zhu | |
| 606 | 0 | @a推荐书目 |
| 690 | @aZ835@v4 | |
| 701 | @a郭勉愈@4编著 | |
| 801 | @aCN@bTSTC@c20020423 | |
| 905 | @dZ835@e25 | |
| 经典品读:人生必读百部名著/郭勉愈等编著.-北京:中华工商联合出版社,1999.10 |
| 615页;21cm |
| 用伟人的思想指导你的一生 |
| ISBN 7-80100-577-5:CNY27.80 |
| ● |
| 相关链接 |
|
|
|
|
正题名:经典品读
索取号:Z835/25
 
预约/预借
| 序号 | 登录号 | 条形码 | 馆藏地/架位号 | 状态 | 备注 |
| 1 | 0309167 | 203091670 | 第三借阅区/ [索取号:Z835/25] | 在馆 | |
| 2 | 0309168 | 203091689 | 第三借阅区/ [索取号:Z835/25] | 在馆 | |
| 3 | 0309169 | 203091698 | 第二样本阅览室/ [索取号:Z835/25] | 在馆 | |
| 4 | 0309170 | 203091705 | 第三借阅区/ [索取号:Z835/25] | 在馆 | |
| 5 | 0309172 | 203091723 | 第三借阅区/ [索取号:Z835/25] | 在馆 | |
| 6 | 0309173 | 203091732 | 第三借阅区/ [索取号:Z835/25] | 在馆 | |
| 7 | 0309174 | 203091741 | 第三借阅区/ [索取号:Z835/25] | 在馆 | |
| 8 | 0309175 | 203091750 | 第三借阅区/ [索取号:Z835/25] | 在馆 | |
| 9 | 0309176 | 203091769 | 第三借阅区/ [索取号:Z835/25] | 在馆 |